|
|
|
|
| LEADER |
00694cam a2200229 7i4500 |
| 001 |
0000024235 |
| 005 |
20100304090000.0 |
| 090 |
0 |
0 |
|a P 684.1
|b FUR
|
| 110 |
2 |
0 |
|a Centre for Industrial Studies (CSIL)
|
| 245 |
2 |
4 |
|a The Furniture industry in the Middle East :
|b November 2008.
|
| 260 |
0 |
0 |
|a Milan:
|b Centre for Industrial Studies (CSIL),
|c 2008.
|
| 300 |
# |
# |
|a 274 p.
|
| 440 |
0 |
0 |
|a CSIL : November 2008
|
| 650 |
0 |
0 |
|a Furniture industry and trade --
|z West Asia
|
| 651 |
0 |
0 |
|a Kuwait
|
| 651 |
0 |
0 |
|a Saudi Arabia
|
| 651 |
0 |
0 |
|a Egypt
|
| 651 |
0 |
0 |
|a Lebanon
|
| 651 |
0 |
0 |
|a West Asia
|
| 651 |
0 |
0 |
|a Israel
|
| 651 |
0 |
0 |
|a United arab Emirates
|
| 999 |
|
|
|a B000026418
|b Book
|c Products
|e Business Information Centre
|